000 00407nam a2200169Ia 4500
001 23790
005 20260414151001.0
008 260414t1994||||xx |||||||||||||| ||spa||
041 _aESP
082 _a709.3
_bT72M
100 _aTord, Luis Enrique
_eAUT
245 0 _aArte e historia del PerĂº antiguo texto impreso
_b
260 _c1994
650 _aABD
654 _aCAU
942 _cLIB
_dJUS
_fJUS
_2ddc
_n
999 _c23790
_d23790